Poison in the pen

Bibliographic Details
Main Author: Wentworth, Patricia
Format: Book
Published: Bath : Chivers Press , 1989
Subjects:

MARC

LEADER 00000cam a2200000 7i4500
001 0000000797
002 000000899
005 20000330.0
020 |a 0862206014 
090 0 0 |a F   |b WEN 
100 1 |a Wentworth, Patricia 
245 1 0 |a Poison in the pen   |c Patricia Wentworth 
260 |a Bath :   |b Chivers Press ,   |c 1989 
300 |a 224p. ;   |c 20cm. 
650 0 0 |a Crime and detection fiction 
999 |a 030761   |b BUKU   |c PINJAMAN   |e PERPUSTAKAAN KOMUNITI PETALING JAYA